00348nam a2200121Ia 4500008004000000020001800040082001700058100003300075245005400108260003100162300000800193650002500201210210b2004 xxu||||| |||| 00| 0 eng d a81 260 1196 3 a820.108 GOKG aGOKAK (Vinayak Krishna), Ed. aGolden treasury of Indo-anglian poetry 1828-1965. aN DbSahitya Akademic2004 a360 aIndo-Anglican Poetry